| 000 | 01137cam a2200265 4500 | ||
|---|---|---|---|
| 001 | WB3915-24 | ||
| 008 | 030415n2003 000 0 eng u | ||
| 035 | _a(Sirsi) u122007 | ||
| 245 | _aTenanted land survey - England 2002 | ||
| 260 | _c2003 | ||
| 490 |
_aOffice for National Statistics News Release _v(Stats 16/03) 10 April 2003 (7) |
||
| 520 | _aResults of the "Annual survey of tenanted land - England 2002" have been released. Includes tables of average rents and total area rented by type of tenancy agreement 1998-2002, full agricultural and farm business tenancies by holding/property type and average rents for all agreements for one year and over. http://www.defra.gov.uk/esg/work_htm/Notices/astl.pdf | ||
| 590 | _aWB | ||
| 650 | _aFULL AGRICULTURAL TENANCIES | ||
| 650 | _aRENTS | ||
| 650 | _aFARM BUSINESS TENANCIES | ||
| 650 | _aPROPERTY-RURAL AND NATURAL ASSETS-AGRICULTURAL PROPERTY-AGRICULTURAL LAND | ||
| 650 | _aTENANCY AGREEMENTS | ||
| 650 | _aFARM RENTS | ||
| 650 | _aFARM LAND | ||
| 650 | _aAGRICULTURAL RENTS | ||
| 650 | _aSTATISTICS | ||
| 690 | _aRURAL-AGRICULTURE AND FORESTRY | ||
| 942 | _n0 | ||
| 999 |
_c72504 _d72504 |
||